| 000 | 00347nam a2200109Ia 4500 | ||
|---|---|---|---|
| 008 | 180315s9999 xx 000 0 und d | ||
| 020 | _a9781591846901 | ||
| 100 | _aDownes, Larry | ||
| 245 |
_cNunes, Paul _aBig Bang disruption : _bStrategy in the age of devastating innovation |
||
| 260 |
_aNew York : _b2014 _cPenguin group |
||
| 300 | _avii, 247 pages | ||
| 999 |
_c356293 _d356293 |
||